| 000 | 01192cam a22003135i 4500 | ||
|---|---|---|---|
| 999 |
_c28178 _d28149 |
||
| 001 | 934397 | ||
| 003 | EG-ScBUE | ||
| 005 | 20200301152721.0 | ||
| 008 | 831121t19841984ilua f b 001 0 eng d | ||
| 020 | _a0673155900 (pbk.) | ||
| 040 |
_aDLC _beng _erda _cDLC _dDLC _dEG-ScBUE |
||
| 082 | 0 | 4 |
_a658.40071173 _bWHE _222 |
| 100 | 1 |
_aWhetten, David A. _q(David Allred), _d1946- _eauthor. _935027 |
|
| 245 | 1 | 0 |
_aDeveloping management skills / _cDavid A. Whetten, University of Illinois at Urbana-Champaign, Kim S. Cameron, National Center for Higher Education Management Systems and University of Colorado. |
| 264 | 1 |
_aGlenview, Illinois : _bScott, Foresman and Caompany, _c[1984] |
|
| 264 | 4 | _cc1984 | |
| 300 |
_a510 pages : _billustrationa ; _c24 cm |
||
| 336 |
_atext _btxt _2rdacontent |
||
| 337 |
_aunmediated _bn _2rdamedia |
||
| 338 |
_avolume _bnc _2rdacarrier |
||
| 504 | _aIncludes bibliographical references and index. | ||
| 650 | 7 |
_aManagement _xStudy and teaching. _2BUEsh |
|
| 650 | 7 |
_aManagement _xProblems, exercises, etc. _2BUEsh |
|
| 650 | 7 |
_aRole playing. _2BUEsh |
|
| 653 |
_bBUSADM _cMarch2020 |
||
| 700 | 1 |
_aCameron, Kim S., _eauthor. |
|
| 942 |
_2ddc _cBB |
||